Handbook of fire and the environment impact and mitigation

Saved in:
Bibliographic Details
Other Authors: Meacham, Brian J (Editor), McNamee, Margaret (Editor)
Format: Book
Language:English
Published: Shrewsbury Springer 2023
Subjects:
Tags: Add Tag
No Tags, Be the first to tag this record!

MARC

LEADER 00000nam a22000007a 4500
003 OSt
005 20251209121408.0
008 251209b |||||||| |||| 00| 0 eng d
020 |a 9783030943585 
040 |a DUL  |c DUL  |d EOtanga 
050 |a QH545.H36 2023 
245 |a Handbook of fire and the environment  |b impact and mitigation   |c edited by Brian J. Meacham and Margaret McNamee 
260 |a Shrewsbury  |b Springer  |c 2023 
300 |a xxxviii, 470 p  |b col ill 
650 |a Environmental engineering and sanitary engineering  
700 |a Meacham, Brian J  |e editor 
700 |a McNamee, Margaret  |e editor 
942 |2 lcc  |c G  |h QH545  |i .H36  |m 2023  |6 QH0545 H36 
952 |0 0  |1 0  |2 lcc  |4 0  |6 QH0545 H36 02023  |7 0  |8 GC  |9 145412  |a DUA  |b DUA  |c GC  |d 2025-12-09  |e Turaco  |g 42550.00  |l 0  |o QH545.H36 2023  |p BK0114685  |r 2025-12-09 12:18:26  |w 2025-12-09  |x 114685  |y G 
952 |0 0  |1 0  |2 lcc  |4 0  |6 QH0545 H36 02023  |7 0  |8 GC  |9 145413  |a DUA  |b DUA  |c GC  |d 2025-12-09  |e Turaco  |g 42550.00  |l 0  |o QH545.H36 2023  |p BK0114686  |r 2025-12-09 12:18:00  |w 2025-12-09  |x 114686  |y G 
952 |0 0  |1 0  |2 lcc  |4 0  |6 QH0545 H36 02023  |7 0  |8 GC  |9 145414  |a DUA  |b DUA  |c GC  |d 2025-12-09  |e Turaco  |g 42550.00  |l 0  |o QH545.H36 2023  |p BK0114687  |r 2025-12-09 12:18:00  |w 2025-12-09  |x 114687  |y G 
952 |0 0  |1 0  |2 lcc  |4 0  |6 QH0545 H36 02023  |7 0  |8 GC  |9 145415  |a DUA  |b DUA  |c GC  |d 2025-12-09  |e Turaco  |g 42550.00  |l 0  |o QH545.H36 2023  |p BK0114688  |r 2025-12-09 12:18:00  |w 2025-12-09  |x 114688  |y G 
952 |0 0  |1 0  |2 lcc  |4 0  |6 QH0545 H36 02023  |7 0  |8 GC  |9 145416  |a DUA  |b DUA  |c GC  |d 2025-12-09  |e Turaco  |g 42550.00  |l 0  |o QH545.H36 2023  |p BK0114689  |r 2025-12-09 12:18:00  |w 2025-12-09  |x 114689  |y G 
999 |c 249461  |d 249460